00847nam a2200217 4500001000700000003000900007005001700016007000300033008004100036100003100077245015100108250001200259260005200271300003600323700002800359700002500387700004300412852003300455999001900488952012200507130992ES-MaACL20230906193908.0t|070214s1987 mx r ||||1| spa d1 aRobbins, Stanley L.99779010aPatología estructural y funcional / cStanley L. Robbins, Ramzi S. Cotran, Vinay Kumar ; traducción, Joaquín Valero Oyarzábal... [et al.]. a3ª ed. aMéxico [etc.] : bEd. Interamericana, c1987. aXII, 1424 p. : bil. ; c29 cm.1 aCotran, Ramzi S.9411791 aKumar, Vinay.9690171 aValero Oyarzábal, Joaquín.9112677 aES-MaACLjL-11852 bR.114359 c130992d130992 00104070aATENEOMbATENEOMcDEPO2d2008-01-17eSCl0oL-11852p1136379r2023-02-23 00:00:00w2023-02-23yMONOGRAFIA